00769nam a2200229Ia 4500003000900000008004100009040001600050080002200066100003000088245009100118260004300209300002300252650002000275650004100295650001600336650001200352700002900364700002200393942000700415999001500422952010200437IN-BaIIA211028s9999 xx 000 0 eng d cIIA Library a082.2:52bIAU-C22 aCristescu, Cornelia99506 0aAsteroids, comets, meteoric mattercCornelia Cristescu, W. J. Klepczynski and B. Milet aNew YorkbScholium Internationalc1974 a[various pagings.] aAsteroids94064 aAstronomy and astrophysics thesaurus aComets9755 aMeteors aKlepczynski, W. J.99507 aMilet, B. 99508 cBK c5472d5472 00104070aBANbBANcGENd1977-05-10l0o082.2:52/ IAU-C22p6119r2021-11-05w1977-05-10yBK 44